00321nam a2200121Ia 4500008004100000041000800041082001700049100001800066245004400084260003300128300003100161365000700192240624s9999 xx 000 0 und d aeng a658.4058 BRO aBROWN DOUGLAS aBLACK BOOK OF OUTSOURCING HOW TO MANAGE c2007aNew DelhibWiley India axiv, : 366 : p. : cm. ; 22 cRS